Normal view
MARC view
- BENTLEY,H.JERRY
Entry Personal Name
001 - CONTROL NUMBER
- control field: 134226
003 - CONTROL NUMBER IDENTIFIER
- control field: NUST
005 - DATE AND TIME OF LATEST TRANSACTION
- control field: 20260421124821.0
008 - FIXED-LENGTH DATA ELEMENTS
- fixed length control field: 260421|| aca||aabn | a|a d
040 ## - CATALOGING SOURCE
- Original cataloging agency: NUST
- Transcribing agency: NUST
100 ## - HEADING--PERSONAL NAME
- Personal name: BENTLEY,H.JERRY
670 ## - SOURCE DATA FOUND
- Source citation: Work cat.: (NUST): BENTLEY,H.JERRY., TRADITIONS & ENCOUNTERS A BRIEF GLOBAL HISTORY /, 2010.
